Spanish Copa del Rey Champions - Statistics

General Stats
  • This quiz has been taken 1,582 times
  • The average score is 10 of 15
Answer Stats
# Team % Correct
18 Real Madrid
100%
9 Atlético Madrid
92%
5 Sevilla FC
91%
7 Valencia CF
91%
23 Athletic Bilbao
90%
26 FC Barcelona
90%
2 Real Betis
78%
2 Deportivo La Coruña
74%
1 Real Sociedad
73%
4 Espanyol Barcelona
65%
6 Real Zaragoza
55%
1 RCD Mallorca
51%
4 Real Unión Club de Irún
14%
1 Arenas Club de Getxo
12%
1 Club Ciclista de San Sebastián
5%
No matching quizzes found
Score Distribution
Percent of People with Each Score
Percentile by Number Answered
Your Score History
You have not taken this quiz